The gene: (Record no. 102198)

MARC details
000 -LEADER
fixed length control field 00992nam a22002537a 4500
005 - DATE AND TIME OF LATEST TRANSACTION
control field 20230213144346.0
010 ## - LCCN (DPL NO)
LC control number 1617EN ENG-117137
020 ## - INTERNATIONAL STANDARD BOOK NUMBER
International Standard Book Number 9780670087143
Terms of availability 699.00
035 ## - SYSTEM CONTROL NUMBER
System control number B-650151-157
035 ## - SYSTEM CONTROL NUMBER
System control number EN-100669
035 ## - SYSTEM CONTROL NUMBER
System control number B-664934
037 ## - SOURCE OF ACQUISITION
Stock number DPL
Source of stock number/acquisition UPPAL
037 ## - SOURCE OF ACQUISITION
Source of stock number/acquisition DBAD/PUB
082 ## - DEWEY DECIMAL CLASSIFICATION NUMBER
Classification number 616.042
100 ## - MAIN ENTRY--PERSONAL NAME
Personal name Mukherjee, Siddhartha
245 ## - TITLE STATEMENT
Title The gene:
Remainder of title an intimate history /
Statement of responsibility, etc by Siddhartha Mukherjee
260 ## - PUBLICATION, DISTRIBUTION, ETC. (IMPRINT)
Place of publication, distribution, etc Gurgaon
Name of publisher, distributor, etc Penguin Books
Date of publication, distribution, etc 2016
270 ## - ADDRESS
Address 7th Floor, Infinity Toer C, DLF Cyber City
City Gurgaon (Haryana)
Postal code 122002
300 ## - PHYSICAL DESCRIPTION
Extent ix,592p.
Dimensions 25cm(Hb)
500 ## - GENERAL NOTE
General note includs index
942 ## - ADDED ENTRY ELEMENTS (KOHA)
Source of classification or shelving scheme Dewey Decimal Classification
Item type English Books
Classification part 616.042
Call number suffix MUK
Holdings
Withdrawn status Lost status Not for loan Collection code Home library Current library Date acquired Source of acquisition Cost, normal purchase price Full call number Barcode Copy number Cost, replacement price Koha item type Public note
      Non-fiction Ashok Vihar Ashok Vihar 01/03/2018 Uppal/14146/27.2.2017/EN/AV/473/15.2.2017/7.3.2017 699.00 616.042 MUK B-664934 1 699.00 English Books  
      Non-fiction Central Jail Tihar Central Jail Tihar 23/01/2017 DBAD/PUB 699.00 616.042 MUK EN-100669 1 699.00 English Books  
      Non-fiction Central Library Central Library 16/03/2017 BPPD/EN/2016-17/307/24.11.2016/13893/5.12.2016/2.1.2017 699.00 616.042 MUK B-650151 1 699.00 English Books  
      Non-fiction Janak Puri Janak Puri 16/03/2017 BPPD/EN/2016-17/307/24.11.2016/13893/5.12.2016/2.1.2017 699.00 616.042 MUK B-650154 1 699.00 English Books  
Written off     Non-fiction Karol Bagh Karol Bagh 16/03/2017 BPPD/EN/2016-17/307/24.11.2016/13893/5.12.2016/2.1.2017 699.00 616.042 MUK B-650156 1 699.00 English Books Written off on approval by DLB (By Circulation); dtd 20.12.2022
      Non-fiction New Police Line New Police Line 16/03/2017 BPPD/EN/2016-17/307/24.11.2016/13893/5.12.2016/2.1.2017 699.00 616.042 MUK B-650152 1 699.00 English Books  
      Non-fiction Patel Nagar Patel Nagar 16/03/2017 BPPD/EN/2016-17/307/24.11.2016/13893/5.12.2016/2.1.2017 699.00 616.042 MUK B-650153 1 699.00 English Books  
      Non-fiction Sarojini Nagar Sarojini Nagar 16/03/2017 BPPD/EN/2016-17/307/24.11.2016/13893/5.12.2016/2.1.2017 699.00 616.042 MUK B-650155 1 699.00 English Books  
      Non-fiction Shahdara Branch Shahdara Branch 16/03/2017 BPPD/EN/2016-17/307/24.11.2016/13893/5.12.2016/2.1.2017 699.00 616.042 MUK B-650157 1 699.00 English Books  

© Delhi Public Library
Hit Counter
free hit counter